Most translated Wikipedia Pages - Statistics

General Stats
  • This quiz has been taken 30 times
  • The average score is 20 of 29
Answer Stats
Number of Languages Category Answer % Correct
312 Country United States
96%
293 Country United Kingdom
93%
297 Country Canada
89%
314 Country Russia
89%
303 Country China
85%
302 Country France
85%
297 Continent Asia
81%
293 Country Australia
81%
299 Continent Europe
81%
299 Country Germany
81%
296 Country India
81%
312 Country Mexico
81%
292 Country Brazil
78%
304 Continent Africa
74%
304 Language English Language
74%
316 Country Japan
74%
296 Country Spain
74%
300 Planet Earth
70%
305 Website Wikipedia
70%
292 Country Egypt
67%
311 Country Italy
63%
314 Country Turkey
63%
298 Country Poland
59%
289 Star Sun
56%
300 Country Norway
44%
295 Country Ukraine
44%
300 Country Chile
37%
313 Country Finland
37%
291 Country Colombia
15%
No matching quizzes found
Score Distribution
Percent of People with Each Score
Percentile by Number Answered
Your Score History
You have not taken this quiz